WWE Catchphrases (Hard) - Statistics

General Stats
  • This quiz has been taken 57 times
  • The average score is 9 of 15
Answer Stats
Hint Answer % Correct
"YOU'RE FIRED!" Vince McMahon
98%
D-VON, GET THE TABLES!" Bubba Ray Dudley
84%
"EXCUSE ME!" Vickie Guerrero
82%
"WHO'S NEXT!" Goldberg
80%
"Woo woo woo, you know it" Zack Ryder
80%
"IT'S TRUE, IT'S DAMN TRUE!" Kurt Angle
75%
"Have a nice day!" Mankind
69%
"DAMN" Ron Simmons
57%
"YeeeeeeAAHHHH" LA Knight
55%
It's time, once again, to get aboard the hoe train!" The Godfather
53%
"BOOM BOOM BOOM" Kofi Kingston
51%
"Bang! Bang!" Cactus Jack
47%
"Say Hello To The Bad Guy" Razor Ramon
47%
"Can I Have Your Attention Please" Michael Cole
37%
"YOU GON' GET GOT!" R-Truth
25%
No matching quizzes found
Score Distribution
Percent of People with Each Score
Percentile by Number Answered
Your Score History
You have not taken this quiz